000
00323nam a2200133Ia 4500
005
20260326235506.0
008
260326s9999||||xx |||||||||||||| ||und||
100
_a
Rowland, Sue
245
0
_a
One Room living /
_c
Sue Rowland
260
_b
Design Center Books
300
_a
71 p.
650
_a
DISEÑO INDUSTRIAL
942
_c
BK
999
_c
8190
_d
8190